Virtuálne laboratórium pre optické prenosové médium

Salvato in:
Dettagli Bibliografici
Autore principale: Pustay, Ján (Autore)
Altri autori: Róka, Rastislav (Relatore della tesi)
Natura: Manoscritto Libro
Lingua:slovacco
Pubblicazione: 2015
Soggetti:
Accesso online:http://is.stuba.sk/zp/portal_zp.pl?podrobnosti=111884
Tags: Aggiungi Tag
Nessun Tag, puoi essere il primo ad aggiungerne!!

MARC

LEADER 00000ntm a22000003a 4500
001 stuzp46628
003 SK-STU
005 20160719153130.6
007 ta
008 150427s2015----xo-----f-mn---000-0-slo-d
040 |a STU  |b slo 
041 0 |a slo 
100 1 |a Pustay, Ján  |u 037000  |4 aut  |U FEI Fakulta elektrotechniky a informatiky  |T FEI Ústav telekomunikácií  |X 6295  |U E070  |Y 818  |7 A000006295 
242 0 1 |a Virtual laboratory for optical transfer media  |y eng 
245 1 0 |a Virtuálne laboratórium pre optické prenosové médium 
260 |c 2015 
300 |a 62 s.  |b DVD 
650 4 |a zváranie  |2 slo 
650 4 |a optické siete  |2 slo 
650 4 |a laboratórium  |2 slo 
650 4 |a optical networks  |2 eng 
650 4 |a welding  |2 eng 
650 4 |a laboratory  |2 eng 
700 1 |a Róka, Rastislav  |4 ths  |X 1946  |7 A000001946 
856 4 |u http://is.stuba.sk/zp/portal_zp.pl?podrobnosti=111884 
996 |b 284EP11243  |c E*DIPL- 11243  |l EE37  |s P  |a 0  |w stuzp46628_0001 
SQL |a stuzp46628  |b DDP  |c SLO  |d Virtuálne laboratórium pre optické prenosové médium  |e 6295  |f Pustay, Ján  |g 037000  |h 1946  |i Róka, Rastislav  |j 20150616  |k 86  |l 03  |m http://is.stuba.sk/zp/portal_zp.pl?podrobnosti=111884  |n I-TLK  |o 5.2.15. telekomunikácie